Comparative efficacy of different copper fungicide formulations and spraying methods in controlling abnormal leaf fall disease of Hevea brasiliensis (Record no. 55919)

MARC details
000 -LEADER
fixed length control field 00565nam a2200133Ia 4500
100 ## - MAIN ENTRY--AUTHOR NAME
Personal name Idicula S P
245 #0 - TITLE STATEMENT
Title Comparative efficacy of different copper fungicide formulations and spraying methods in controlling abnormal leaf fall disease of Hevea brasiliensis
260 ## - PUBLICATION, DISTRIBUTION, ETC. (IMPRINT)
Name of publisher In: Recent Trends in Plant disease control.(Eds. H.B. Singh, D.N. Upadhyay and L.R. Saha), Today and Tomorrow Publishers, New Delhi, pp. 55-62
700 ## - ADDED ENTRY--PERSONAL NAME
Personal name Edathil T T
700 ## - ADDED ENTRY--PERSONAL NAME
Personal name Jacob C K
700 ## - ADDED ENTRY--PERSONAL NAME
Personal name Krishnankutty V
942 ## - ADDED ENTRY ELEMENTS (KOHA)
Koha item type Journals
Holdings
Withdrawn status Lost status Damaged status Not for loan Home library Current library Date acquired Koha item type
      Journals RRII Library RRII Library 17/12/2021 Journals